00973nam a2200253 a 450000100100000000300100001000500170002000800410003704000220007809200190010010000210011924501130014026000330025330000280028650001190031470000280043370000170046171000450047894200120052394500280053595201030056395600380066699900150070400004433500004433520180226101920.0140617s199? dr a 000 0 spa d aBPMETbspacBPMET axxxxxxbxxxxxx1 aRosa, Alma de la10aCurso de física básica conceptos y aplicaciones /cAlma de la Rosa, Clara Elena Florezán, Ondina Moya. aSanto Domingo :bUASD,c199? a210 p. :bil. ;c27 cm. aPara uso de los estudiantes de física básica, del ciclo básico de la Universidad Autónoma de Santo Domingo1 aFlorezán, Clara Elena1 aMoya, Ondina 4Universidad Autónoma de Santo Domingo  2ddccBK aInventariado, 2018 / BT 00102ddc40708CDaBPMETbBPMETd2014-07-14eFUNDIl0pBPMSU15040529r2014-07-14w2014-07-14yBK aVMATEOb10c20150914lBPMSUh0069 c7134d7134